000 00327nam a2200145Ia 4500
008 191201s2009 xx 000 0 und d
082 _a005.133
_bSIH
100 _aSIERRA, Kothy
245 0 _aHead First Java
250 _aRep.
260 _aN.Delhi
_bShroff
_c2009
300 _a688
650 _aB.Tech(IT)
942 _2ddc
_cBK
999 _c4012
_d4012